Mapa de América Central - Estadísticas

Estadísticas generales
  • Esta prueba ha sido intentada 11.584 veces
  • La puntuación promedio es 11 de 14
Respuestas en el mapa
Las respuestas están codificadas por una escala verde-roja en el mapa de la prueba según el % correcto abajo.
 
Estadísticas de respuestas
Respuesta % Correcto
Panamá
92%
Cuba
88%
Belice
82%
Guatemala
81%
Haití
81%
El Salvador
80%
República Dominicana
80%
Bahamas
79%
Trinidad y Tobago
79%
Costa Rica
78%
Jamaica
77%
Honduras
76%
Nicaragua
74%
Puerto Rico (EE.UU)
74%
No se encontraron pruebas coincidentes
Distribución de puntuación
Porcentaje de gente con cada puntuación
Porcentaje por número respondido
Historial de tus puntuaciones
No has intentado esta prueba.